One-Syllable Boys' Names - Statistics

General Stats
  • This quiz has been taken 8,500 times
    8,455 since last reset
  • The average score is 59 of 169
Answer Stats
Hint Answer % Correct
J John
93%
P Paul
90%
T Tom
87%
J Jack
85%
D Dan
84%
W Will
83%
P Pete
81%
S Sam
81%
T Tim
80%
J Joe
78%
M Mike
76%
D Dave
75%
A Al
74%
M Mark
74%
B Ben
73%
D Don
73%
J Jim
73%
B Bill
71%
B Bob
71%
R Rob
71%
M Matt
69%
R Ron
68%
L Luke
67%
F Fran
66%
F Fred
64%
J Jake
63%
N Nick
63%
C Chris
62%
J James
61%
R Rick
61%
Z Zach
61%
P Pat
60%
S Steve
60%
G Greg
59%
F Frank
57%
K Ken
57%
E Ed
55%
C Carl
54%
P Phil
54%
J Josh
53%
L Lee
53%
R Ray
53%
S Sean
50%
B Brad
48%
J Jay
47%
N Nat
47%
Q Quinn
47%
D Dick
46%
J Jeff
44%
M Max
44%
R Rich
44%
R Roy
44%
L Lou
43%
T Ted
42%
D Drew
41%
H Hank
41%
V Vic
41%
C Chad
40%
M Mick
40%
J Jude
39%
N Nate
37%
S Stan
35%
C Cole
34%
F Finn
34%
C Charles
33%
N Ned
33%
N Neil
33%
S Scott
33%
T Ty
33%
A Abe
32%
A Art
32%
K Keith
32%
B Bert
31%
J Jess
31%
R Rod
31%
J Joel
30%
S Seth
30%
T Todd
30%
W Wayne
30%
J Jed
29%
T Troy
29%
B Brett
28%
C Cam
28%
C Craig
28%
V Vince
28%
C Chuck
27%
G Grant
27%
R Ross
27%
W Wes
27%
B Blake
26%
Z Zane
26%
D Doug
25%
K Kim
25%
B Bart
24%
M Mitch
24%
R Ralph
24%
T Trey
24%
B Brent
23%
C Chase
23%
G Glen
23%
J Jace
23%
M Mac
23%
B Bruce
22%
G Gabe
22%
K Kai
22%
S Saul
22%
K Karl
21%
K Kurt
21%
S Stu
21%
T Trent
21%
V Van
21%
J Job
20%
L Lance
20%
E El
19%
G Guy
19%
J Juan
19%
R Red
19%
R Rex
19%
R Russ
19%
A Alf
18%
B Beau
18%
D Drake
18%
N Norm
18%
J Jules
17%
K Kent
17%
S Sid
17%
C Clark
16%
I Ike
16%
J Jeb
16%
R Reed
16%
F Flynn
15%
K Kirk
15%
G Gus
14%
S Sal
14%
C Clint
13%
G Graham
12%
J Jacques
12%
L Lloyd
12%
M Moe
12%
T Tad
12%
T Tate
12%
B Blair
11%
B Brock
11%
H Hans
11%
B Bud
10%
C Chet
10%
W West
10%
G Garth
9%
G Geroge
9%
L Lars
8%
F Franz
7%
K Kip
7%
N Nash
7%
P Pierce
7%
T Teague
7%
J Jazz
4%
R Rafe
4%
R Rodge
4%
R Rye
4%
F Fox
3%
S Skip
3%
S Spike
3%
W Wolf
3%
No matching quizzes found
Score Distribution
Percent of People with Each Score
Percentile by Number Answered
Your Score History
You have not taken this quiz since the last reset